Epu mari ülkatufe ta fachantü : 20 poetas mapuche contemporáneos /

Bibliographic Details
Other Authors: Huenún, Jaime Luis, 1967-, Cifuentes Palacios, Víctor, 1977-
Format: Electronic eBook
Language:Spanish
South American Indian languages
Published: Santiago de Chile, Chile : LOM Ediciones : Gobierno de Chile, 2003.
Edition:1. ed.
Series:Entre mares. Poesía
Subjects:
Online Access:Digitalia Hispánica

MARC

LEADER 00000nam a2200000Ii 4500
001 DIGLOM16118
003 NyNyDIG
006 m o d
007 cr |||||||||||
008 130301s2003 cl o 000 p spa d
020 |z 9789562825917 
020 |z 9562825914 
035 |a (OCoLC)948234819 
040 |a DGITA  |b eng  |e pn  |c DGITA 
041 0 |a spa  |h sai 
050 1 4 |a PM5468.6 eBook 
245 0 0 |a Epu mari ülkatufe ta fachantü :  |b 20 poetas mapuche contemporáneos /  |c Jaime Luis Huenún Villa ; versión mapuzungun de Víctor Cifuentes Palacios. 
246 3 0 |a Veinte poetas mapuche contemporáneos 
250 |a 1. ed. 
264 1 |a Santiago de Chile, Chile :  |b LOM Ediciones :  |b Gobierno de Chile,  |c 2003. 
300 |a 1 online resource (299 pages) 
336 |a text  |b txt  |2 rdacontent 
337 |a computer  |b c  |2 rdamedia 
338 |a online resource  |b cr  |2 rdacarrier 
490 1 |a Colección Entre mares. Poesia 
546 |a Spanish and Mapuche. 
650 0 |a Mapuche poetry. 
655 0 |a Electronic books. 
700 1 |a Huenún, Jaime Luis,  |d 1967- 
700 1 |a Cifuentes Palacios, Víctor,  |d 1977- 
791 2 |a Digitalia (Firm),  |e distributor. 
830 0 |a Entre mares.  |p Poesía 
793 0 |g Digitalia eBook Collection:  |a LOM Ediciones 
856 4 0 |3 Digitalia Hispánica  |u https://www.digitaliapublishing.com/a/18273/ 
910 |a Premium Collection: 2007-2012